000 01057nam a22002177a 4500
003 JO-AjAnu
005 20240623130411.0
008 231209b jo ||||| |||| 00| 0 ara d
040 _aJO-AjAnu
_beng
_cJO-AjAnu
_erda
041 0 _aeng
_heng
050 _aHF5667.
_bA2276 2009
100 1 _aAbdalla,Rana Rashad
_964747
_eprepared
245 0 _aFactors Affecting Audit Quality in the Jordanian Corporations : An Empirical Study = العوامل التي تؤثر على جودة التدقيق في الشركات المساهمة العامة الأردنية : دراسة (ميدانية) /
_cRana Rashad Abdalla ; Jamal I. Bdour, supervisor
260 _c2009
300 _a143 paper
500 _aThesis(M.Ec. in Accounting)-Y.U.(Irbid-Jordan), Faculty of Economics & Administrative Sciences, Department of Accounting, 2009
501 _aيحتوي على ملاحق، ويحتوي على ملخص باللغة العربية
650 4 0 _aAuditing -- Quality control
_964748
700 1 _aBdour, Jamal I.
_964749
_e supervisor
942 _2lcc
_cTHS
_n0
999 _c33253
_d33253